00472nam a2200145Ia 4500082001600000245004200016260007000058300001600128650001800144650004000162650002600202650001700228650002700245710005400272 a307.72 URB; 0aProceedings: International conference aKharagpurbDepartment of Architecture and Regional Planningc1981 aviii, 135p. aSocial change aUrbanization - Developing countries aUrban-rural migration aUrban policy aConference proceedings aUrban and regional change in developing countries